Statistics for random animal

Click here to take the quiz!

General Stats

  • This quiz has been taken 4 times
  • The average score is 4 of 15

Answer Stats

Animal% Correct
2.lion
100%
12.duck
67%
3.fly
67%
15.gorilla
67%
5.cod
33%
10.rat
33%
6.salmon
33%
9.sheep
33%
13.bison
0%
8.crocodile
0%
14.floppa
0%
1.lobster
0%
11.ostrich
0%
7.rooster
0%
4.turtle
0%

Score Distribution

Percentile by Number Answered

Percent of People with Each Score

Your Score History

You have not taken this quiz